000 00665nam a2200253Ia 4500
003 OSt
005 20220924144436.0
006 a|||||r|||| 00| 0
007 ta
008 220923b |||||||| |||| 00| 0 urd d
020 _c65.00
024 _a314443
037 _cTextual
040 _aARTS
_cARTS
_burd
041 _2urd
_aurd
082 _aO168,1N2616x, N2
100 _aJhunjhunavi Msheer
_9217630
245 0 _aAnfas-e-Ghazal
260 _c1992
650 _aURDU POETRY
700 _a Iffat Zarreen Ed.
_9217631
942 _hO168,1N2616x, N2
_cTEXL
_2CC
999 _c457063
_d457063